Modern Comperative Analysis (Record no. 4070)

MARC details
000 -LEADER
fixed length control field 00354nam a22001457a 4500
008 - FIXED-LENGTH DATA ELEMENTS--GENERAL INFORMATION
fixed length control field 250703b |||||||| |||| 00| 0 eng d
020 ## - INTERNATIONAL STANDARD BOOK NUMBER
ISBN 019507579X
100 ## - MAIN ENTRY--AUTHOR
Author OSTER, Sharon M.
245 ## - TITLE STATEMENT
Title Modern Comperative Analysis
250 ## - EDITION STATEMENT
Edition statement 2nd
260 ## - PUBLICATION, DISTRIBUTION, ETC. (IMPRINT)
Place of publication New York
Name of publisher Oxford University Press
Date of publication 1994
300 ## - COLLATION
Pagination 399p.
942 ## - ADDED ENTRY ELEMENTS (KOHA)
Item type Books
050 ## - LIBRARY OF CONGRESS CALL NUMBER
Classification number HD41
Item number .O75
Holdings
Source of classification or shelving scheme Not for loan Permanent location Current location Date acquired Accession No. Full call number Barcode. Koha item type
Library of Congress Classification   Samuel Ogbemudia Main Library, University of Abuja Samuel Ogbemudia Main Library, University of Abuja 07/03/2025 2006-30357 HD41.O75 2025-2798 Books